| 000 | 012320am a2200277 004500 | ||
|---|---|---|---|
| 003 | EG-GiCUC | ||
| 008 | 080707s1997 ua g f000 0 ara d | ||
| 040 |
_aEG-GiCUC _bara _cEG-GiCUC |
||
| 043 | _af-ua--- | ||
| 092 | 0 | 4 |
_a348.62 _bM9666 _221 |
| 099 |
_a04 _a348.62 M9666 |
||
| 100 | 1 | _aعبد المنعم : احمد فارس | |
| 245 | 1 | 2 |
_aالسلطة القضائية و النقابات المهنية فى مصر / _cاحمد فارس عبد المنعم |
| 260 |
_aالجيزة : _bجامعة القاهرة : كلية الاقتصاد و العلوم السياسية : مركز البحوث و الدراسات السياسية : _c1997 |
||
| 300 |
_a30ص ؛ _c29سم |
||
| 440 | 0 |
_aبحوث سياسية ؛ _v112 |
|
| 650 | 7 |
_aالسلطة القضائية _zمصر _2qrmak |
|
| 650 | 7 |
_aالقضاء _zمصر _2qrmak |
|
| 650 | 7 |
_aالنقابات المهنية _zمصر _2qrmak |
|
| 651 | 7 |
_aمصر _xالسلطة القضائية _2qrmak |
|
| 710 | 2 | _aجامعة القاهرة : كلية الاقتصاد و العلوم السياسية : مركز البحوث و الدراسات السياسية | |
| 902 | _a1 | ||
| 905 |
_aجيهان _eمراجع |
||
| 905 |
_aعبير _eمدخل |
||
| 942 |
_2ddc _cBK |
||
| 999 |
_c100043 _d100043 |
||